F1 Drivers By Last Name (All E's) - Statistics

General Stats
  • This quiz has been taken 4 times
  • The average score is 4 of 14
Answer Stats
Hint Answer % Correct
M. Ericsson
75%
G. Edwards
50%
G. Eaton
25%
B. Ecclestone
25%
D. Edmunds
25%
V. Elford
25%
P. Emery
25%
T. Enge
25%
H. Ertl
25%
P. Etancelin
25%
B. Evans
25%
E. Elisian
0%
P. England
0%
N. Estefano
0%
No matching quizzes found
Score Distribution
Percent of People with Each Score
Percentile by Number Answered
Your Score History
You have not taken this quiz